| 000 | 01556cam a2200409 a 4500 | ||
|---|---|---|---|
| 001 | 16094499 | ||
| 003 | ARRUPE | ||
| 005 | 20140606171605.0 | ||
| 008 | 100217s2010 ne b 001 0 eng | ||
| 010 | _a 2010006584 | ||
| 015 |
_aGBB066032 _2bnb |
||
| 016 | 7 |
_a015563253 _2Uk |
|
| 016 | 7 |
_a22117888 _2bccb |
|
| 020 | _a9789004183513 (hardback : alk. paper) | ||
| 020 | _a9004183515 (hardback : alk. paper) | ||
| 035 | _a(OCoLC)ocn531718830 | ||
| 040 |
_aDLC _cDLC _dYDX _dYDXCP _dUKM _dOHX _dNLGGC _dCDX _dDLC |
||
| 043 | _ae------ | ||
| 050 | 0 | 0 |
_aBX1365 _b.C66 2010 |
| 082 | 0 | 0 |
_a282/.409033 _222 |
| 084 |
_a11.54 _2bcl |
||
| 084 |
_a15.70 _2bcl |
||
| 245 | 0 | 2 |
_aA companion to the Catholic Enlightenment in Europe / _cedited by Ulrich L. Lehner & Michael Printy. |
| 260 |
_aLeiden ; _aBoston : _bBrill, _c2010. |
||
| 300 |
_a462 p. ; _c25 cm. |
||
| 490 | 1 |
_aBrill's companions to the Christian tradition ; _vv. 20 |
|
| 504 | _aIncludes bibliographical references and index. | ||
| 610 | 2 | 0 |
_aCatholic Church _zEurope _xHistory _y18th century. _910731 |
| 650 | 0 |
_aEnlightenment _zEurope. _910732 |
|
| 651 | 0 |
_aEurope _xChurch history _y18th century. _910733 |
|
| 700 | 1 |
_aLehner, Ulrich L., _d1976- _910734 |
|
| 700 | 1 |
_aPrinty, Michael O'Neill. _910735 |
|
| 830 | 0 |
_aBrill's companions to the Christian tradition ; _vv. 20. _910736 |
|
| 906 |
_a7 _bcbc _corignew _d1 _eecip _f20 _gy-gencatlg |
||
| 942 |
_2lcc _cMONOGRAPH |
||
| 999 |
_c120668 _d120668 |
||